| 000 | 00869cam a22002774a 4500 | ||
|---|---|---|---|
| 008 | 030722s2001 enka 000 0 eng | ||
| 010 | _a 2003455261 | ||
| 020 | _a1855648407 | ||
| 040 |
_aDLC _cDLC _dDLC |
||
| 043 | _af-ua--- | ||
| 050 | 0 | 0 |
_aHC830 _b.H83 2001 |
| 082 | 0 | 0 |
_a330.962 _222 |
| 092 | 0 | 4 |
_a330.962 _bH8751 _221 |
| 099 |
_a04 _a330.962 H8751 |
||
| 100 | 1 | _aHuband, Mark. | |
| 245 | 1 | 0 |
_aEgypt : _bregional leader and global player : a market for the 21st century / _cMark Huband. |
| 260 |
_aLondon : _bEuromoney Books in association with CIB, Fleming CIIC, Helmy & Hamza, _cc2001. |
||
| 300 |
_ax, 183 p. : _bcol. ill., col. maps ; _c29 cm. |
||
| 650 | 0 |
_aFinance _zEgypt. |
|
| 650 | 0 |
_aInvestments, Foreign _zEgypt. |
|
| 651 | 0 |
_aEgypt _xEconomic conditions. |
|
| 902 | _a1 | ||
| 905 |
_aEman _eRev. |
||
| 905 |
_aJamal _eCat. |
||
| 942 |
_2ddc _cBK |
||
| 999 |
_c137544 _d137544 |
||